Helísek, M.: Makroekonomie. Základní kurs. Praha: Melandrium, 2000, 320 s.

Recenzia na učebnicu Makroekonomie od autora Mojmíra Helíska. Kniha je členená do troch častí a 14 kapitol. Prvá časť učebnice je venovaná základným makroekonomickým problémom. V druhej časti sú objasňované hlavné makroekonomické nestability a tretia časť je venovaná stabilizačnej makroekonomickej p...

ver descrição completa

Na minha lista:
Detalhes bibliográficos
Autor principal: Táncošová, Judita
Formato: Capítulo de Livro
Idioma:eslovaco
Assuntos:
Tags: Adicionar Tag
Sem tags, seja o primeiro a adicionar uma tag!

MARC

LEADER 00000naa a2200000 4500
001 r042737
005 20230918081021.5
041 0 |a slo 
044 |a SK 
245 1 0 |a Helísek, M.: Makroekonomie. Základní kurs. Praha: Melandrium, 2000, 320 s.  |c Judita Táncošová 
520 |a Recenzia na učebnicu Makroekonomie od autora Mojmíra Helíska. Kniha je členená do troch častí a 14 kapitol. Prvá časť učebnice je venovaná základným makroekonomickým problémom. V druhej časti sú objasňované hlavné makroekonomické nestability a tretia časť je venovaná stabilizačnej makroekonomickej politike. 
610 2 0 |a makroekonomika 
610 2 0 |a recenzie 
610 2 0 |a ukazovatele makroekonomické 
610 2 0 |a produkt domáci hrubý 
610 2 0 |a rast hospodársky 
610 2 0 |a nerovnováha trhová 
610 2 0 |a politika hospodárska 
100 1 |a Táncošová, Judita